Operating systems: Design and implementation (Record no. 201977)
[ view plain ]
| 000 -LEADER | |
|---|---|
| fixed length control field | 00445nam a2200169Ia 4500 |
| 008 - FIXED-LENGTH DATA ELEMENTS--GENERAL INFORMATION | |
| fixed length control field | 231221s9999 xx 000 0 und d |
| 041 ## - LANGUAGE CODE | |
| Language code of text/sound track or separate title | English |
| 082 ## - DEWEY DECIMAL CLASSIFICATION NUMBER | |
| Classification number | 001.642 TAN |
| 100 ## - MAIN ENTRY--PERSONAL NAME | |
| Personal name | Tanenbaum, Andrew S. Woodhull, Albert S. |
| 245 #0 - TITLE STATEMENT | |
| Title | Operating systems: Design and implementation |
| 250 ## - EDITION STATEMENT | |
| Edition statement | 2nd ed. |
| 260 ## - PUBLICATION, DISTRIBUTION, ETC. | |
| Date of publication, distribution, etc. | 1997 |
| Name of publisher, distributor, etc. | New Delhi : PHI, |
| 300 ## - PHYSICAL DESCRIPTION | |
| Extent | xvii+939 |
| 300 ## - PHYSICAL DESCRIPTION | |
| Dimensions | CD1625 |
| 650 ## - SUBJECT ADDED ENTRY--TOPICAL TERM | |
| Topical term or geographic name entry element | Operating systems |
| 942 ## - ADDED ENTRY ELEMENTS (KOHA) | |
| Koha item type | College Library |
| Date last seen | Total checkouts | Full call number | Accession number | Cost, total (INR) price | Price effective from | Category | Lost status | Damaged status | Department | Withdrawn status | Home library | Current library | Shelving location | Entry date | Vendor | Cost, normal purchase price | Grants | Billnumber | Billdate | Currency symbol | Conversion rate | Discount | Old discount |
|---|---|---|---|---|---|---|---|---|---|---|---|---|---|---|---|---|---|---|---|---|---|---|---|
| 26/01/2024 | 001.642 TAN | BC224 | 316.00 | 26/01/2024 | College Library | BCA | Central Library | Central Library | BCA | Sapna Book House | 395.00 | BCA | 26074 | 11/08/2009 | RS | 1 | 79 | 20 | |||||
| 26/01/2024 | 001.642 TAN;14 | CD559 | 26/01/2024 | Compact Disks | Central Library | Central Library | Central Library | Ell Enn books | CS | 2001/INV/000200 | 08/08/2009 | RS | 1 | ||||||||||
| 26/01/2024 | 001.642 TAN;15 | CD560 | 26/01/2024 | Compact Disks | Central Library | Central Library | Central Library | Ell Enn books | CS | 2001/INV/000200 | 08/08/2009 | RS | 1 | ||||||||||
| 26/01/2024 | 001.642 TAN;16 | CD561 | 26/01/2024 | Compact Disks | Central Library | Central Library | Central Library | Ell Enn books | CS | 2001/INV/000200 | 18/08/2009 | RS | 1 | ||||||||||
| 26/01/2024 | 001.642 TAN;17 | CD562 | 26/01/2024 | Compact Disks | Central Library | Central Library | Central Library | Ell Enn books | CS | 2001/INV/000200 | 11/08/2009 | RS | 1 | ||||||||||
| 26/01/2024 | 001.642 TAN;4 | CD252 | 26/01/2024 | Compact Disks | Central Library | Central Library | Central Library | Ell Enn books | CS | 25/08/2009 | RS | 1 |
